| 000 | 01020nam a2200277 a 4500 | ||
|---|---|---|---|
| 001 | 000020097 | ||
| 005 | 20240410073846.0 | ||
| 008 | 100721s2006 dr 001 0bspa d | ||
| 020 | _a9945020072 | ||
| 040 |
_aDO-SdBNP _bspa _cBNPHU |
||
| 082 |
_a972.9304 _bF634L, 2006 |
||
| 100 | 1 |
_aFlores, Juan Vicente _942683 |
|
| 245 | 1 | 0 |
_aLilí, el sanguinario machetero dominicano / _cJuan Vicente Flores ; edición Dantes Ortiz. |
| 250 | _a2ª ed. | ||
| 260 |
_aSanto Domingo : _bArchivo General de la Nación, _c2006. |
||
| 300 |
_a555 p. ; _c23 cm. |
||
| 490 | 1 |
_aArchivo General de la Nación _v20 |
|
| 500 | _aIncluye índice onomástico | ||
| 590 | _aInventariado, 2020/YL | ||
| 600 | 1 | 0 |
_a Heureaux, Ulises, _d1845-1899 _9598 |
| 651 | 4 |
_aRepública Dominicana _xPolítica Y Gobierno _ySIGLO XIX _96306 |
|
| 651 | 0 |
_aRepública Dominicana -- _xHistoria -- _y1844-1930 _91009 |
|
| 700 | 1 |
_aOrtiz, Dante, _eed. _96458 |
|
| 830 | 0 |
_aArchivo General de la Nación _n20 _942684 |
|
| 910 | _aValidado. Control de calidad EMS. | ||
| 999 |
_c19605 _d19605 |
||